Relationship between macroeconomic time series in a fixed exchange rate economy (Registro nro. 26890)

Detalles MARC
000 -LEADER
fixed length control field 00372 a2200109 4500
001 - CONTROL NUMBER
control field ART_14116
005 - DATE AND TIME OF LATEST TRANSACTION
control field 20260410161912.0
008 - FIXED-LENGTH DATA ELEMENTS--GENERAL INFORMATION
fixed length control field 260409a
100 1# - MAIN ENTRY--PERSONAL NAME
Personal name Leiderman, Leonardo
245 10 - TITLE STATEMENT
Title Relationship between macroeconomic time series in a fixed exchange rate economy
773 0# - HOST ITEM ENTRY
Title European economic review
Related parts - Vol. 14, Nº 1 (jul. 1980)
Record control number REV13346

No hay ítems disponibles.